Sociálna politika Európskej únie

Sociálna politika Európskej únie, jej formovanie a právny rámec. Charta základných práv EÚ.

Na minha lista:
Detalhes bibliográficos
Autor principal: Vidová, Jarmila, 1967-
Formato: Capítulo de Livro
Idioma:eslovaco
Assuntos:
Tags: Adicionar Tag
Sem tags, seja o primeiro a adicionar uma tag!

MARC

LEADER 00000nla a2200000 4500
001 0188948
005 20240502073209.3
041 0 |a slo 
044 |a SK 
245 1 0 |a Sociálna politika Európskej únie  |c Jarmila Vidová 
520 |a Sociálna politika Európskej únie, jej formovanie a právny rámec. Charta základných práv EÚ. 
610 2 0 |a Európska únia 
610 2 0 |a integrácia 
610 2 0 |a politika hospodárska 
610 2 0 |a politika sociálna 
100 1 |a Vidová, Jarmila, 1967-